Finitud y trascendencia (Record no. 10132)
[ view plain ]
| 000 -LEADER | |
|---|---|
| campo de control de longitud fija | 00797nam a2200265 i 4500 |
| 001 - NÚMERO DE CONTROL | |
| campo de control | 10132 |
| 003 - IDENTIFICADOR DE NÚMERO DE CONTROL | |
| campo de control | ES-MaACL |
| 005 - FECHA Y HORA DE LA ÚLTIMA TRANSACCIÓN | |
| campo de control | 20250829050155.0 |
| 007 - CAMPO FIJO DE DESCRIPCIÓN FÍSICA--INFORMACIÓN GENERAL | |
| campo de control de longitud fija | t| |
| 008 - DATOS DE LONGITUD FIJA--INFORMACIÓN GENERAL | |
| campo de control de longitud fija | 950302s1994 sp ||||1| spa d |
| 020 ## - NÚMERO INTERNACIONAL ESTÁNDAR DEL LIBRO | |
| Número Internacional Estándar del Libro | 84-8230-001-6 |
| 080 ## - NÚMERO DE LA CLASIFICACIÓN DECIMAL UNIVERSAL | |
| Número de la Clasificación Decimal Universal | 130.2"19" |
| 100 1# - ENTRADA PRINCIPAL--NOMBRE DE PERSONA | |
| Nombre de persona | Cisneros, Marcelino de. |
| 9 (RLIN) | 38923 |
| 245 10 - MENCIÓN DEL TÍTULO | |
| Título | Finitud y trascendencia |
| Resto del título | : (problema metafísico central de la postmodernidad) / |
| Mención de responsabilidad, etc. | Marcelino de Cisneros. |
| 250 ## - MENCION DE EDICION | |
| Mención de edición | [1ª ed.]. |
| 260 ## - PUBLICACIÓN, DISTRIBUCIÓN, ETC. | |
| Lugar de publicación, distribución, etc. | Madrid : |
| Nombre del editor, distribuidor, etc. | Iberediciones, |
| Fecha de publicación, distribución, etc. | D.L. 1994. |
| 300 ## - DESCRIPCIÓN FÍSICA | |
| Extensión | 539 p. ; |
| Dimensiones | 21 cm. |
| 490 1# - MENCIÓN DE SERIE | |
| Mención de serie | Parteluz ; |
| Designación de volumen o secuencia | 10 |
| 500 ## - NOTA GENERAL | |
| Nota general | Indices. |
| 504 ## - NOTA DE BIBLIOGRAFÍA, ETC. | |
| Nota de bibliografía, etc. | Biliografía : p. 527-539. |
| 650 17 - PUNTO DE ACCESO ADICIONAL DE MATERIA--TÉRMINO DE MATERIA | |
| Término de materia o nombre geográfico como elemento de entrada | Postmodernismo |
| Fuente del encabezamiento o término | embne |
| 9 (RLIN) | 16329 |
| 830 0# - PUNTO DE ACCESO ADICIONAL DE SERIE-TÍTULO UNIFORME | |
| Título uniforme | Parteluz ; |
| Designación de volumen o secuencia | 10 |
| 9 (RLIN) | 179462 |
| 852 ## - LOCALIZACIÓN | |
| Ubicación | ES-MaACL |
| Número de control de estantería | C-12662 |
| Sublocalización o colección | R.123700 |
| Estatus retirado | Estado de pérdida | Estado de daño | No para préstamo | Biblioteca de origen | Biblioteca actual | Ubicación en estantería | Fecha de adquisición | Fuente de adquisición | Total de préstamos | Signatura topográfica completa | Código de barras | Visto por última vez | Precio de reemplazo | Tipo de ítem Koha |
|---|---|---|---|---|---|---|---|---|---|---|---|---|---|---|
| Biblioteca del Ateneo de Madrid | Biblioteca del Ateneo de Madrid | Sala Palomar | 17/01/2008 | C-12662 | 1010341 | 23/02/2023 | 23/02/2023 | Libro impreso |
